000 00409nam a2200157 4500
001 116467
003 ES-MaACL
005 20230906190719.0
007 t|
008 061121s1957 sp r ||||1| spa d
100 1 _aPaula, Isaac de.
_989641
245 1 0 _aHorario íntimo /
_cIsaac de Paula.
260 _aBarcelona :
_bRumbos,
_c1957.
300 _a96 p. ;
_c21 cm.
852 _aES-MaACL
_jC-13626
_bR.40687
999 _c116467
_d116467